000 00673aas a2200229 4500
999 _c1990
_d1990
003 BR-BrBNA
005 20230317233353.0
007 ta
008 230119b bl ||||| |||| 00| 0 por d
022 _a0102-2032
035 _a000485-5
040 _aBR-BrBNA
_bPor
_cBR-BrBNA
042 _a082371-6
044 _abl
245 _aBoletim Científico - Instituto Agronômico (Brazil)
260 _aCampinas-SP
_bInstituto Agronômico de Campinas
_c1984
_eBSP
270 _aAv. Barão de Itapu, 1481 - Caixa Postal 28 - 13100-000 - Campinas - SP
310 _airregular
505 _a1984-97 (1-38); 1999 (39-45,48); 2000 (1-5);
909 _a56
_bSergio Santos
_c56
_dSergio Santos
942 _cCR
_2AGRIS